| 000 | 01704nam a2200457Ii 4500 | ||
|---|---|---|---|
| 001 | DIGEDICNSB0085 | ||
| 003 | NyNyDIG | ||
| 008 | 221017s2011 sp a o 001 0 spa d | ||
| 006 | m o d | ||
| 007 | cr ||||||||||| | ||
| 035 | _a(OCoLC)1379432165 | ||
| 040 |
_aDGITA _beng _erda _epn _cDGITA |
||
| 020 |
_a9788466648608 _qeBook |
||
| 020 | _z9788466646864 | ||
| 041 | 1 |
_aspa _heng |
|
| 043 | _an-us--- | ||
| 050 | 1 | 4 | _aML420.L185 ebook |
| 100 | 1 |
_aCallahan, Maureen, _eauthor. |
|
| 240 | 1 | 0 |
_aPoker Face. _lSpanish _s(Vicens) |
| 245 | 1 | 0 |
_aPoker face / _cMaureen Callahan ; traducción de Paula Vicens. |
| 264 | 1 |
_aBarcelona (España) : _bEdiciones B, _c[2011] |
|
| 300 |
_a1 online resource : _billustrations. |
||
| 336 |
_atext _btxt _2rdacontent |
||
| 337 |
_acomputer _bc _2rdamedia |
||
| 338 |
_aonline resource _bcr _2rdacarrier |
||
| 347 |
_atext file _2rdaft |
||
| 347 | _bEPUB | ||
| 500 | _a"El ascenso imparable de una diva : Lady Gaga." | ||
| 500 | _aIncludes index. | ||
| 588 | 0 | _aOnline resource; title from ePub title page (Digitalia, viewed October 17, 2022) | |
| 600 | 1 | 0 | _aLady Gaga. |
| 650 | 0 |
_aSingers _zUnited States _vBiography. |
|
| 700 | 1 |
_aVicens, Paula, _etranslator. |
|
| 700 | 1 |
_iTranslation of: _aCallahan, Maureen. _tPoker Face. |
|
| 791 | 2 |
_aDigitalia (Firm), _edistributor. |
|
| 793 | 0 |
_gDigitalia eBook Collection: _aEdiciones B |
|
| 776 | 0 | 8 |
_iPrint version: _aCallahan, Maureen. _sPoker Face. Spanish (Vicens). _tPoker face. _bPrimera edición. _dBarcelona (España) : Ediciones B, [2008] _z9788466646864 |
| 856 | 4 | 0 |
_3Digitalia Hispánica _uhttps://www.digitaliapublishing.com/a/53263/ |
| 910 | _aPremium collection: 2022 | ||
| 942 | _cRAA | ||
| 999 |
_c253561 _d253561 |
||